000 00644nam a2200205Ii 4500
003 JO-AjNU
008 230605s9999||||xx |||||||||||||| ||und||
040 _aJO-AjNU
_bara
_erda
_cJO-AjNU
041 _aara
050 1 4 _aPJ7507.J8278 1983
100 3 _aجبّور، جبرائيل سليمان,
_eauthor
_919266
245 0 0 _aكيف أفهم النقد: نقد ورد
250 _aط1
264 3 1 _aبيروت: دار الأفاق الجديدة، 1983
300 _a279ص
336 _atext
_btxt
_2rdacontent
337 _aunmediated
_bn
_2rdamedia
338 _avolume
_bnc
_2rdacarrier
650 4 _aالأدب-تاريخ ونقد
_919267
999 _aA6321
_c9889
_d9889